000 00233nam a22000857a 4500
008 160926b xxu||||| |||| 00| 0 eng d
100 _9743
_aKumar.S.etal.
245 _aEnglish Communicative-5
260 _aNew Delhi
_bFrank Publications
_c2012
999 _c3400
_d3400